000
00276nam a2200097Ia 4500
001
681272
005
20250826161357.0
008
250824s9999 xx 000 0 und d
245
0
_a
KAĞIT UÇAKLA GİZLİ GİZLİ MACERA
_c
CHRİSTİNE NÖSTLİNGER
260
_b
GÜNIŞIĞI YAYINLARI
999
_c
681272
_d
681272